00438nam a2200157 4500001000700000003000900007005001700016007000300033008004100036100002200077245006700099250001300166260005000179300003000229852002100259140302ES-MaACL20230906200042.0t|070214s1910 gw r ||||1| ger d1 aSchuppe, Wilhelm.10aGrundriss der Erkenntnistheorie und Logik / cWilhelm Schuppe. a2ยช: ed. aBerlin : bWeidmannsche Buchhandlung, c1910. a189 p. : bil. ; c22 cm. aES-MaACLjG-2616